| 000 | 00760nam a2200193 a 4500 | ||
|---|---|---|---|
| 008 | 070214s1998 ||||||||||||||||| || u | ||
| 020 | _a0750637684 | ||
| 050 | _aTK 454.4.E9 Mac | ||
| 100 | _aMcMillan, Alan | ||
| 245 | 1 | 0 | _aElectrical installations in hazardous areas |
| 260 |
_aOxford _bButterworth-Heinemann _c1998 |
||
| 300 | _axvi , 649p. : ill. | ||
| 350 | _a0.00 | ||
| 650 | 0 | _aELECTRONICS | |
| 650 | _aHAZARDOUS SUBSTANCES--SAFETY MEASURES | ||
| 650 | _aELECTRIC APPARATUS AND APPLIANCES--SAFETY MEASURES | ||
| 650 | _aEXPLOSION PROOF ELECTRIC APPARATUS AND APPLIANCES | ||
| 995 |
_D0.00 _FCBU-MAIN LIBRARY (Kitwe) _H1 _I0.00 _M1 _UAVAILABLE _WFeb 14, 2007 _ZMain Library Open Access Collection |
||
| 999 |
_c41481 _d41481 |
||